书目信息 |
| 题名: |
论人类不平等的起源和基础
|
|
| 作者: | 卢梭 ;李常山 译 | |
| 分册: | ||
| 出版信息: | 商务印书馆 |
|
| 页数: | 239 | |
| 开本: | 20cm | |
| 丛书名: | ||
| 单 册: | ||
| 中图分类: | D064 | |
| 科图分类: | ||
| 主题词: | 民族殖民地问题--理论 | |
| 电子资源: | ||
| ISBN: | 7-100-01752-1 | |
| 000 | 00584nam0 2200193 450 | |
| 001 | 0760515518 | |
| 005 | 20070817164835.51 | |
| 010 | @a7-100-01752-1@d¥6.10 | |
| 100 | @a20070817d km y0chiy0120 ea | |
| 101 | 0 | @achi |
| 200 | 1 | @a论人类不平等的起源和基础@Alun ren lei bu ping deng de qi yuan he ji chu@f(法)卢梭@F(fa)lu suo@g李常山译@Gli chang shan yi |
| 210 | @c商务印书馆 | |
| 215 | @a239@d20cm | |
| 606 | 0 | @a民族殖民地问题@x理论 |
| 690 | @aD064@v3 | |
| 701 | 0 | @a卢梭@Alu suo |
| 702 | 0 | @a李常山@Ali chang shan@4译 |
| 801 | 0 | @aCN@bPFT@c20070817 |
| 905 | @a213230@dD064@eg18@f1 | |
| 论人类不平等的起源和基础/(法)卢梭/李常山译.-商务印书馆 |
| 239;20cm |
| ISBN 7-100-01752-1:¥6.10 |
| ● |
| 相关链接 |
|
|
|
|
正题名:论人类不平等的起源和基础
索取号:D064/g18
 
预约/预借
| 序号 | 登录号 | 条形码 | 馆藏地/架位号 | 状态 | 备注 |
| 1 | 6500377 | 265003774 | 密集书库-海洋学院/ [索取号:D064/g18] | 在馆 |